000 00573nam a2200217Ia 4500
003 OSt
005 20220928135338.0
006 a|||||r|||| 00| 0
007 ta
008 220927b |||||||| |||| 00| 0 eng d
024 _a1355
037 _cTextual
040 _aSDCL
_cSDCL
_beng
041 _2eng
_aeng
082 _aX:327, M3
100 _aRonen Joshua Ed.
_9489901
245 0 _aEnterpreneurship
_b Price Institute for entrepreneurial studies
260 _c1983
942 _hX:327, M3
_cTEXL
_2CC
999 _c805209
_d805209